[Event "ESP-ch U18"]
[Site "Salobrena"]
[Date "2022.08.06"]
[Round "9"]
[White "Garcia De la Duena, Pablo"]
[Black "Abrisqueta Zudaire, Leyre"]
[Result "0-1"]
[WhiteElo "1690"]
[BlackElo "2035"]
[PlyCount "64"]
[EventDate "2022.08.01"]
[EventType "swiss"]
[EventRounds "9"]
[EventCountry "ESP"]
[SourceTitle "EXT 2023"]
[Source "ChessBase"]
[SourceDate "2022.10.05"]
[SourceVersion "1"]
[SourceVersionDate "2022.10.05"]
[SourceQuality "1"]

1. e4 c5 2. Nf3 g6 3. c4 Bg7 4. d4 Qa5+ 5. Nc3 Nc6 6. Be3 Nf6 7. Qd2 cxd4 8. Nxd4 Nxe4 9. Nxc6 Qxc3 10. bxc3 Nxd2 11. Bd4 Bxd4 12. cxd4 Nxc4 13. Nxe7 Nb6 14. Nxc8 Rxc8 15. Bd3 0-0 16. 0-0 Rc3 17. Rfd1 Rfc8 18. f3 Ra3 19. Rd2 d5 20. Rb1 Kf8 21. Bf1 Ke7 22. Rb5 Kd6 23. Kf2 Rc1 24. Be2 Ra1 25. Rbb2 Nc4 26. Bxc4 dxc4 27. Rxb7 c3 28. Rc2 R1xa2 29. Rxa2 Rxa2+ 30. Ke3 Rxg2 31. Rxa7 c2 32. Ra1 Rxh2 0-1

[Event "ESP-ch U18 Rapid"]
[Site "Salobrena"]
[Date "2022.08.06"]
[Round "1"]
[White "Garcia De la Duena, Pablo"]
[Black "Cesar Maestre, Bernardo"]
[Result "1/2-1/2"]
[WhiteElo "1498"]
[BlackElo "1942"]
[PlyCount "222"]
[EventDate "2022.08.06"]
[EventType "swiss (rapid)"]
[EventRounds "9"]
[EventCountry "ESP"]
[SourceTitle "EXT 2023"]
[Source "ChessBase"]
[SourceDate "2022.10.05"]
[SourceVersion "1"]
[SourceVersionDate "2022.10.05"]
[SourceQuality "1"]

1. e4 c5 2. Nf3 d6 3. d4 cxd4 4. Nxd4 Nf6 5. Nc3 a6 6. Be2 e5 7. Nb3 Be7 8. Be3 Be6 9. 0-0 0-0 10. Bg5 Nbd7 11. Bxf6 Nxf6 12. Qd3 Rc8 13. Rac1 d5 14. exd5 Nxd5 15. Nxd5 Qxd5 16. Rfd1 Rfd8 17. Qe3 Qc6 18. Rxd8+ Bxd8 19. Bf3 Qc7 20. c3 h6 21. Rd1 a5 22. Bd5 Bg5 23. Qf3 Bxd5 24. Rxd5 a4 25. Nc5 a3 26. bxa3 Be7 27. Ne4 Rd8 28. Qd3 Rxd5 29. Qxd5 Bxa3 30. g3 Kh8 31. c4 f5 32. Nc3 Bc5 33. Qe6 f4 34. Nd5 Qb8 35. gxf4 exf4 36. Kg2 Qf8 37. Kf3 Bd6 38. h4 Qd8 39. h5 Qf8 40. a4 Qd8 41. Nxf4 Bxf4 42. Kxf4 Qg5+ 43. Ke4 Qh4+ 44. f4 Qd8 45. c5 Qf8 46. Kd5 Qd8+ 47. Qd6 Qg8+ 48. Ke5 Qe8+ 49. Kd4 Qxa4+ 50. Ke5 Qe8+ 51. Kd4 Kh7 52. Qe5 Qa4+ 53. Kd5 Qd7+ 54. Kc4 Kh8 55. Qb8+ Kh7 56. Qe5 Qc8 57. Qe4+ Kh8 58. Kb4 Qd7 59. Qe5 Kg8 60. Qb8+ Kf7 61. Qe5 Qc6 62. Qf5+ Ke7 63. Qe5+ Kf8 64. Qf5+ Ke8 65. Qe5+ Kf7 66. Qf5+ Kg8 67. Qe5 Qc8 68. Qd5+ Kh8 69. Qe5 Qd8 70. Qd6 Qe8 71. Qe5 Qc8 72. Kb5 Qc6+ 73. Ka5 Qa6+ 74. Kb4 Qa8 75. Kb5 Qa6+ 76. Kb4 Qc6 77. Ka5 Kh7 78. Qf5+ Kg8 79. Qe5 Kf7 80. Qf5+ Ke8 81. Qe5+ Kd8 82. Qd4+ Kc8 83. Kb4 Qc7 84. f5 Qf7 85. Qg4 Kc7 86. Qg6 Qe7 87. Qb6+ Kc8 88. Qg6 Kd7 89. Kb5 Qe2+ 90. Kb4 Qe4+ 91. Kb5 Qd3+ 92. Kb4 Qd4+ 93. Kb5 Qb2+ 94. Kc4 Qa2+ 95. Kb5 Qb3+ 96. Ka5 Qb2 97. Qe6+ Kc7 98. Qd6+ Kc8 99. Qe6+ Kd8 100. Qd6+ Ke8 101. Qe6+ Kf8 102. Qd6+ Kg8 103. Qe6+ Kf8 104. Qc8+ Ke7 105. Qe6+ Kd8 106. Qd6+ Kc8 107. Qf8+ Kd7 108. Qd6+ Ke8 109. Qe6+ Kd8 110. Qd6+ Kc8 111. Qf8+ Kc7 1/2-1/2